| 000 | 01046nam a2200289 i 4500 | ||
|---|---|---|---|
| 001 | 9933 | ||
| 003 | ES-MaACL | ||
| 005 | 20250905155220.0 | ||
| 007 | t| | ||
| 008 | 940520s1993 sp ||||1| spa d | ||
| 020 | _a84-87438-11-3 | ||
| 080 | _a061.43(464.1)"1993": 7 López, Antonio | ||
| 080 | _a7 López, Antonio | ||
| 080 | _a75(46)"1936/..." López, Antonio | ||
| 245 | 0 | 0 |
_aAntonio López _b: exposición antológica : pintura, escultura, dibujo / _cMuseo Nacional Centro de Arte Reina Sofía. |
| 260 |
_aMadrid : _bLerner & Lerner, _c1993. |
||
| 300 |
_a358 p. : _bprincipalmente il. ; _c30 cm. |
||
| 500 | _aExposición celebrada en Mayo-Julio de 1993. | ||
| 504 | _aBibliografía: p. 339-351. | ||
| 600 | 1 | 4 |
_aLópez, Antonio, _d1936- _xExposiciones _973306 |
| 655 | 7 |
_2tgfbne _9193628 _aCatálogos de exposiciones |
|
| 700 | 1 |
_aLópez, Antonio, _d1936- _973305 |
|
| 710 | 2 |
_aMuseo Nacional Centro de Arte Reina Sofía _9147737 |
|
| 852 |
_aES-MaACL _jL-17462 _bR.122138 |
||
| 942 | _2udc | ||
| 999 |
_c9933 _d9933 |
||